ბათუმის შოთა რუსთაველის სახელმწიფო უნივერსიტეტის ბიბლიოთეკა

Physical rehabilitation for the physical therapist assistant / (ბიბ.ჩანაწერი № 57391)

000 -LEADER
fixed length control field 00755cam a2200217 a 4500
001 - CONTROL NUMBER
control field 16252195
005 - DATE AND TIME OF LATEST TRANSACTION
control field 20221107152104.0
008 - FIXED-LENGTH DATA ELEMENTS--GENERAL INFORMATION
fixed length control field 100521s2011 moua b 001 0 eng
020 ## - INTERNATIONAL STANDARD BOOK NUMBER
International Standard Book Number 9781437708066 X
041 ## - LANGUAGE CODE
Language code of text/sound track or separate title eng
080 ## - UNIVERSAL DECIMAL CLASSIFICATION NUMBER
Universal Decimal Classification number 615.8 C-17
100 1# - MAIN ENTRY--PERSONAL NAME
Personal name Cameron, Michelle H.
9 (RLIN) 8413
245 10 - TITLE STATEMENT
Title Physical rehabilitation for the physical therapist assistant /
Statement of responsibility, etc. Michelle H. Cameron, Linda G. Monroe.
264 ## - PRODUCTION, PUBLICATION, DISTRIBUTION, MANUFACTURE, AND COPYRIGHT NOTICE
Place of production, publication, distribution, manufacture St. Louis, Mo. :
Name of producer, publisher, distributor, manufacturer Elsevier/Saunders,
Date of production, publication, distribution, manufacture, or copyright notice 2011.
300 ## - PHYSICAL DESCRIPTION
Extent 594 p. :
Other physical details ill. (chiefly col.) ;
Dimensions 28 cm.
653 ## - INDEX TERM--UNCONTROLLED
keyword ფიზიკური თერაპია
653 ## - INDEX TERM--UNCONTROLLED
keyword მედიცინა
653 ## - INDEX TERM--UNCONTROLLED
keyword ფიზიოთერაპია
700 1# - ADDED ENTRY--PERSONAL NAME
Personal name Monroe, Linda G.
Relator term ავტორი
9 (RLIN) 8418
942 ## - ADDED ENTRY ELEMENTS (KOHA)
Source of classification or shelving scheme
Koha item type წიგნი
ეგზემპლარები
Withdrawn status Lost status Source of classification or shelving scheme Damaged status Not for loan Permanent Location Current Location Shelving location Date acquired Cost, normal purchase price Full call number Barcode Date last seen Copy number Price effective from Koha item type Public note
          ბათუმის შოთა რუსთაველის სახელმწიფო უნივერსიტეტის მთავარი ბიბლიოთეკა ბათუმის შოთა რუსთაველის სახელმწიფო უნივერსიტეტის მთავარი ბიბლიოთეკა წიგნსაცავი 2020-06-15 153.00 615.8 C-17 60588 2020-06-15 60588 2020-06-15 წიგნი 153 gel.